| 000 | 00502nam a2200169Ia 4500 | ||
|---|---|---|---|
| 003 | OSt | ||
| 005 | 20260310142228.0 | ||
| 008 | 211028s2012 xx 000 0 und d | ||
| 040 | _cAIMIT LIBRARY | ||
| 041 | _aeng | ||
| 100 |
_aGonsalves, Gary Dominic; T, Vanitha. _g91741 _93674 |
||
| 110 |
_aCastelino, Melissa Fiona. _93675 |
||
| 245 | _aAutomation of questions for interactive perl tutor / | ||
| 260 |
_aMysore _c2012 |
||
| 710 |
_ai-Point Interactive Solutions Pvt Ltd _93676 |
||
| 942 |
_2ddc _cPRO |
||
| 999 |
_c217312 _d217312 |
||